000
00476nam a2200181Ia 4500
008
090123s9999 xx 000 0 und d
082
_b
3734
100
_a
जडभरत
245
_a
आ डरु इ उरु
250
_a
1
260
_b
मनोहर प्रकाशन
_c
1974
300
_a
222
600
_a
जडभरत
630
_a
आ डरु इ उरु
700
_a
जडभरत
730
_a
आ डरु इ उरु
942
_c
BOOK
999
_c
41813
_d
41813